LEADER 02731nam a2200361 i 4500 001 000000246974 003 CaOOAMICUS 005 20230309130128.0 008 151207s1543 fr u000 u lat u 026 $a52bi ixan tent luti (3) 1543 (A) 040 $aSeMil$bita 100 0 $aTheophylactus,$c.$0(OLS)http://semarc/name/14476 245 10$aTheophylacti Buglariae [!] archiepiscopi, in omnes diui Pauli apostoli epistolas, enarrationes iam recens ex vetustissimo archetypo graeco per Iohannem Lonicerum fidelissime in latinum conuersae. Ad haec, Eiusdem Theophylacti in aliquot Prophetas minores compendiaria explanatio, eodem Ioanne Lonicero interprete. Item Victorini commentarij in Apocalypsim. ... Cum indice copiosissimo. 264 1$aParisiis :$bApud Vivantium Gaultherot, Via Iacobaea, sub insigni divi Martini,$c1543$e([Parigi] :$fEx officina calchographica Petri Vidouae,$g1543) 300 $a[10], CCLVIII [i.e. 260] c. ;$cfol. 500 $aIl nome di Iohannem Lonicerum cancellato nel testo 500 $aMarca editoriale: In rettangolo a forma di basamento: due leoni reggono uno scudo con giglio e iniziali: IP. Scritta: PETIT. (R904) Nella cornice sul front. 500 $aRipetute nella numerazione le carte 119, 155 e 157; omessa la carta 177 500 $aSegn.: 2a6 2b4 A-2A8 2B12 2C-2I8 500 $aIll. xilogr. a tutta pagina sul v. del front. 500 $aCors. ; rom. 500 $aIniz. xilogr. ornate 500 $aFront. in cornice architettonica 500 $aEmissione simultanea di edizione condivisa, alcune copie recano la sottoscrizione: Parisiis : apud Poncetum le Preux via Iacobaea, sub insigni Lupi, 1543 700 0 $aVictorinus : Poetovionensis,$d.$0(OLS)http://semarc/name/5695 700 1 $aLonitzer, Johann,$d<1499-1569>.$0(OLS)http://semarc/name/82809 700 1 $aVidoué, Pierre,$c.$0(OLS)http://semarc/name/82810 700 1 $aGaultherot, Vivant & Petit, Jean,$c.$0(OLS)http://semarc/name/82811 850 $aSeMil 852 $aSeMil$W1$xVenegono$y1$mFV.E V 26$j197320$B197320$CSeMilBibl$Z2$F208424 $86 996 $6245$aTheophylacti Buglariae [!] archiepiscopi, in omnes diui Pauli apostoli epistolas, enarrationes iam recens ex vetustissimo archetypo graeco per Iohannem Lonicerum fidelissime in latinum conuersae. Ad haec, Eiusdem Theophylacti in aliquot Prophetas minores compendiaria explanatio, eodem Ioanne Lonicero interprete. Item Victorini commentarij in Apocalypsim. ... Cum indice copiosissimo$9(OLS)http://semarc/title/348879 996 $6264$aParisiis :$bApud Vivantium Gaultherot, Via Iacobaea, sub insigni divi Martini$9(OLS)http://semarc/publisher/55130 LEADER 01029nam a2200241 i 4500 001 000000118994 003 CaOOAMICUS 005 20031014000000.0 008 031014s1984 it u000 u ita u 013 $a91687 040 $aSeMil$bita 100 1 $aGallo, Antonio.$0(OLS)http://semarc/name/49637 245 10$aMaria Cristina di Savoia :$bla Santa Regina di Napoli /$cAntonio Gallo. 260 $aNapoli :$bAldo Fiory,$cstampa 1984. 300 $a247 p., [16] p. di tav. :$bill. ;$c22 cm. 500 $aContiene : Appendice. - Fondo Card. C.M. Martini. 600 04$aMaria Cristina : di Savoia .$0(OLS)http://semarc/subject/16562 850 $aSeMil 852 $aSeMil$W1$xVenegono$y1$m3V II 71$j74239$B74239$CSeMilBibl$Z2$F104282 $81 941 1 $a4 961 $aOmaggio: Martini Card. Carlo Maria 996 $6245$aMaria Cristina di Savoia :$bla Santa Regina di Napoli$9(OLS)http://semarc/title/174826 996 $6260$aNapoli :$bAldo Fiory$9(OLS)http://semarc/publisher/45862